000 00419nam a2200133Ia 4500
003 GCL
008 140319s9999 xx 000 0 ara d
040 _aGCL /
_cGCL
082 0 4 _a811.9
_bخ م
245 1 0 _aمقاصب فى فن الرزحة
260 _a[S.N] :
_bوزارة التراث القومى والثقافة ،
_c1991
300 _a155 ص
490 _aسلسلة الفنون الشعبية العمانية
_v0
999 _c35539
_d35539